MARC details
| 000 -BAŞLIK |
| Sabit Uzunluktaki Kontrol Alanı |
02744nam a22003257a 4500 |
| 001 - KONTROL NUMARASI |
| Control Dosyası |
0036074 |
| 003 - KONTROL NUMARASI KİMLİĞİ |
| Kontrol Alanı |
KOHA_MİRAKIL |
| 005 - EN SON İŞLEM TARİHİ ve ZAMANI |
| Kontrol Alanı |
20260207002957.0 |
| 007 - FİZİKSEL TANIM SABİT ALAN - GENEL BİLGİ |
| Sabit uzunluklu kontrol alanı |
ta |
| 008 - SABİT UZUNLUKTAKİ VERİ ÖGELERİ - GENEL BİLGİ |
| Sabit Alan |
120409b2012 tu a|||grn|||#0|||0|tur | |
| 020 ## - ISBN - ULUSLARARASI STANDART KİTAP NUMARASI |
| Isbn |
9786051370187 |
| 040 ## - KATALOGLAMA KAYNAĞI |
| Özgün Kataloglama Kurumu |
TR-BiSEU |
| Kataloglama Dili |
tur |
| Çeviri Kurumu |
TR-BiSEU |
| Açıklama Kuralları |
rda |
| 041 0# - DİL KODU |
| Metin ya da ses kaydının dil kodu |
tur |
| 044 ## - YAYINLAYAN/ÜRETEN KURULUŞUN ÜLKE KODU |
| ISO country code |
tu |
| 050 ## - SINIFLAMA ve YER NUMARASI |
| Sınıflama Numarası |
TA403 |
| Yer Numarası |
.Y37 2012 |
| 245 0# - ESER ADI BİLDİRİMİ |
| Başlık |
Yapı malzemeleri sektöründe rekabet gücünü geliştirme projesi/ |
| Sorumluluk Bildirimi |
hazırlayan Atakan Genç, Sait Sağlam, Barış Yücel, Mutlu Emir Bilişik. |
| 264 #1 - ÜRERİM, YAYIN, DAĞITIM ve TELİF BİLDİRİMİ |
| Yayın yeri |
İstanbul : |
| Yayınlayan |
İstanbul Ticaret Odası |
| Yayın tarihi |
2012 |
| 300 ## - FİZİKSEL TANIMLAMA |
| Sayfa, Cilt vb. |
190 sayfa : |
| Diğer fiziki detaylar |
tbl. , grf. ; |
| Boyutları |
30 cm |
| 336 ## - İÇERİK TÜRÜ |
| Content type term |
metin |
| Content type code |
txt |
| Source |
rdacontent |
| 337 ## - MEDYA TÜRÜ |
| Media type term |
aracısız |
| Media type code |
n |
| Source |
rdamedia |
| 338 ## - TAŞIYICI TÜRÜ |
| Carrier type term |
cilt |
| Carrier type code |
nc |
| Source |
rdacarrier |
| 490 1# - DİZİ BİLDİRİMİ |
| Dizi Bildirimi |
İstanbul Ticaret Odası yayınları ; |
| Cilt Numarası |
2010-124. |
| 500 ## - GENEL NOT |
| Genel Not |
İstanbul yapı market araştırması bazında, İstanbul ilinde yer alan organize yapı marketlerin mevcut durumunun incelendiği çalışma, "Stok Yönetimi", "Ürün Grupları", "Kurum Kültürü", "Rakipler ve Pazarın Durumu", "Tüketici Alışkanlıkları" ve "Dünya Pazarı" gibi alt başlıklara ayrılmış, bunun yanı sıra Uluslararsı Firma Araştırması bazında İspanya, Almanya, İtalya gibi AB ülkelerinde sektörün gerek dağıtım kanalları gerek satınalma merkezleri, gerekse tüketici tercihleri ortaya konarak okuyucuya geniş bir perspektif sunulmuştur. |
| 505 ## - İÇİNDEKİLER NOTU |
| İçindekiler Notu |
1. Proje Süreci 19 |
| 650 #0 - KONU BAŞLIĞI EK GİRİŞ - KONU TERİMİ |
| Konusal terim veya coğrafi ad |
Yapı malzemeleri. |
| 9 (RLIN) |
1923 |
| 650 #0 - KONU BAŞLIĞI EK GİRİŞ - KONU TERİMİ |
| Konusal terim veya coğrafi ad |
İnşaat malzemeleri. |
| 9 (RLIN) |
64119 |
| 830 1# - SERİ EK GİRİŞİ - TEKBİÇİM ESER ADI |
| Tekbiçim Başlık |
İstanbul Ticaret Odası yayınları ; |
| Volume number/sequential designation |
2010-124. |
| 9 (RLIN) |
24959 |
| 907 ## - LOCAL DATA ELEMENT G, LDG (RLIN) |
| a |
Araştırma |
| 942 ## - EK GİRİŞ ÖGELERİ (KOHA) |
| Source of classification or shelving scheme |
Library of Congress Classification |
| Koha item type |
Book |
| 505 ## - İÇİNDEKİLER NOTU |
| -- |
2. Araştırmalar 21 |
| -- |
2.1. İstanbul Araştırması 21 |
| -- |
2.2. İstanbul Market Araştırması 73 |
| -- |
2.3. Yerel Yönetim Araştırması 83 |
| -- |
2.4. Sivil Toplum Kuruluşları Araştırması (Stka) 89 |
| -- |
2.5. Uluslararası Firma Araştırması (Ufa) 95 |
| -- |
3. Rekabet Etme Kriterleri ve Çözüm Önerileri 135 |
| -- |
3.1. Kurumsallaşma 136 |
| -- |
3.2. Sivil Toplum Kuruluşları Çatısı Altında Örgütlenme 149 |
| -- |
3.3. Ortak Hareket Etme Kültürü ve Ortaklık 150 |
| -- |
3.4. Kooperatifleşme 151 |
| -- |
3.5. Ölçek Ekonomisi 153 |
| -- |
3.6. Müşteriye Sunulan Hizmetlerde Farklılaşma 153 |
| -- |
3.7. Pazarlama Stratejileri 154 |
| -- |
3.8. Lojistik Yönetimi ve Depolama 157 |
| -- |
3.9. Lojistik Maliyetler ve Faaliyet Tabanlı Maliyetleme 158 |
| -- |
3.10. Lojistik Yönetim Sistemleri ve Etkin Stok Yönetimi 158 |
| -- |
3.11. Depo Teknolojileri ve Depo Yönetim Sistemleri 162 |
| -- |
3.12. Klasik Depolama Yerine Crossdocking 164 |
| -- |
3.13. Lojistikte Dış Kaynak Kullanımı |
| -- |
3.14. Ortak Lojistik Alanları |
| -- |
3.15. Lojistik Köyler |
| -- |
3.16. Merkezi Satınalma Organizasyonları |
| -- |
3.17. Kapalı Depolama |
| -- |
3.18. Mağazalaşma |
| -- |
4. Sonuç |
| -- |
Ekler 181 |
| -- |
Kaynakça 191 |
| -- |
|